[Event "Noisiel op 9th"]
[Site "Noisiel"]
[Date "2024.04.11"]
[Round "9"]
[White "Peng, Li Min"]
[Black "Tilicheev, Viacheslav"]
[Result "1-0"]
[WhiteElo "2544"]
[BlackElo "2485"]
[PlyCount "71"]
[EventDate "2024.04.06"]
[EventType "swiss"]
[EventRounds "9"]
[EventCountry "FRA"]
[SourceTitle "CBM 219 Extra"]
[Source "ChessBase"]
[SourceDate "2024.05.31"]
[SourceVersion "1"]
[SourceVersionDate "2024.05.31"]
[SourceQuality "1"]

1. e4 c6 2. d4 d5 3. e5 c5 4. Nf3 cxd4 5. Nxd4 Nc6 6. Nxc6 bxc6 7. Bd3 e6 8. 0-0 Ne7 9. Re1 Ng6 10. Nd2 a5 11. c3 Ba6 12. Bc2 Be7 13. Qg4 Qb6 14. Nf3 Bc5 15. Qg3 Ne7 16. Rb1 Qa7 17. Be3 Bxe3 18. Rxe3 g6 19. Qf4 h6 20. Qf6 Rf8 21. Qg7 Nf5 22. Bxf5 gxf5 23. Nd4 f4 24. Ree1 c5 25. Nf5 f3 26. Nd6+ Kd7 27. g3 Be2 28. Qxh6 f6 29. b4 fxe5 30. bxc5 Qxc5 31. Rb7+ Kxd6 32. Qg7 Qc8 33. c4 Rg8 34. Qe7+ Kc6 35. Reb1 Ra6 36. R7b5 1-0

[Event "Noisiel op 9th"]
[Site "Noisiel"]
[Date "2024.04.10"]
[Round "7"]
[White "Priansh, Das"]
[Black "Tilicheev, Viacheslav"]
[Result "0-1"]
[WhiteElo "2234"]
[BlackElo "2485"]
[PlyCount "116"]
[EventDate "2024.04.06"]
[EventType "swiss"]
[EventRounds "9"]
[EventCountry "FRA"]
[SourceTitle "CBM 219 Extra"]
[Source "ChessBase"]
[SourceDate "2024.05.31"]
[SourceVersion "1"]
[SourceVersionDate "2024.05.31"]
[SourceQuality "1"]

1. c4 e6 2. g3 d5 3. Bg2 d4 4. Nf3 c5 5. 0-0 Ne7 6. d3 Nec6 7. e3 Be7 8. exd4 cxd4 9. Re1 0-0 10. a3 a5 11. Nbd2 f6 12. Nb3 Na6 13. Bd2 e5 14. Qc2 g5 15. Nxa5 Nxa5 16. b4 Nc6 17. b5 Nab8 18. bxc6 Nxc6 19. Qb3 Ra7 20. Bb4 Be6 21. Nd2 Qd7 22. Ne4 Nxb4 23. axb4 b5 24. Rxa7 Qxa7 25. Nd2 Rb8 26. Bd5 Bxd5 27. cxd5 Qa4 28. Qxa4 bxa4 29. Nc4 Bxb4 30. Ra1 Ra8 31. Nb6 Ra6 32. Nxa4 g4 33. Ra2 Ra5 34. Kg2 Kf7 35. f3 h5 36. h3 gxh3+ 37. Kxh3 f5 38. Kg2 Ke7 39. f4 e4 40. dxe4 d3 41. d6+ Kxd6 42. e5+ Kc6 43. e6 d2 44. Rc2+ Kd6 45. Nb2 Ra2 46. Nc4+ Kxe6 47. Rxa2 d1Q 48. Ra6+ Ke7 49. Ra7+ Kd8 50. Ne5 Qe2+ 51. Kh3 Bc3 52. Nf7+ Kc8 53. Nd6+ Kb8 54. Rb7+ Ka8 55. Rf7 Qg4+ 56. Kh2 Qe2+ 57. Kh3 Bb4 58. Nxf5 Qe6 0-1

[Event "Bucharest Grand Prix op"]
[Site "Bucharest"]
[Date "2024.03.24"]
[Round "10"]
[White "Tilicheev, Viacheslav"]
[Black "Sofronie, Vladimir"]
[Result "1-0"]
[WhiteElo "2485"]
[BlackElo "1990"]
[PlyCount "59"]
[EventDate "2024.03.23"]
[EventType "swiss (rapid)"]
[EventRounds "10"]
[EventCountry "ROU"]
[SourceTitle "CBM 219 Extra"]
[Source "ChessBase"]
[SourceDate "2024.05.31"]
[SourceVersion "1"]
[SourceVersionDate "2024.05.31"]
[SourceQuality "1"]

1. d4 Nf6 2. c4 c5 3. Nf3 e6 4. g3 cxd4 5. Nxd4 Nc6 6. Nc3 d5 7. cxd5 exd5 8. Bg2 Be7 9. 0-0 0-0 10. Nb3 Be6 11. Bg5 h6 12. Bxf6 Bxf6 13. Nxd5 Bxb2 14. Rb1 Ba3 15. Qd2 Qd7 16. Rfd1 Rfd8 17. Na5 Bxd5 18. Rxb7 Bb4 19. Rxd7 Bxd2 20. Rxd8+ Rxd8 21. Rxd2 Nxa5 22. Rxd5 Rxd5 23. Bxd5 Kf8 24. e4 Ke7 25. f4 f6 26. Kf2 Kd6 27. Ke3 Kc5 28. Kd3 g5 29. fxg5 fxg5 30. g4 1-0

[Event "SRB-ch sf"]
[Site "Paracin"]
[Date "2024.02.11"]
[Round "9"]
[White "Tilicheev, Viacheslav"]
[Black "Pogorelskikh, Sergey"]
[Result "1-0"]
[WhiteElo "2487"]
[BlackElo "2123"]
[PlyCount "81"]
[EventDate "2024.02.05"]
[EventType "swiss"]
[EventRounds "9"]
[EventCountry "SRB"]
[SourceTitle "CBM 218 Extra"]
[Source "ChessBase"]
[SourceDate "2024.03.31"]
[SourceVersion "1"]
[SourceVersionDate "2024.03.31"]
[SourceQuality "1"]

1. e4 c5 2. Nf3 Nc6 3. d4 cxd4 4. Nxd4 Nf6 5. Nc3 e5 6. Ndb5 d6 7. Nd5 Nxd5 8. exd5 Ne7 9. c3 Nf5 10. a4 Be7 11. Bd3 0-0 12. 0-0 g6 13. f4 a6 14. Na3 exf4 15. Bxf4 Bg5 16. Nc4 Bxf4 17. Rxf4 Bd7 18. Bxf5 Bxf5 19. Qd4 h5 20. Raf1 Qe7 21. Rxf5 gxf5 22. Qf4 Rad8 23. Ne3 Qe5 24. Qg5+ Qg7 25. Qxh5 Qg6 26. Qh4 f6 27. Nxf5 Qg5 28. Qb4 Rfe8 29. h4 Qg6 30. Qxb7 Kh8 31. Qxa6 Re5 32. Qd3 Rg8 33. Rf2 Re1+ 34. Kh2 Qe8 35. Qd4 Rg6 36. Nxd6 Qe7 37. Qf4 Rb1 38. Ne4 Re1 39. Nxf6 Re5 40. g4 Re2 41. Qb8+ 1-0